ბათუმის შოთა რუსთაველის სახელმწიფო უნივერსიტეტის ბიბლიოთეკა

ქართული სამართლის ისტორიის საკითხები ანტიკურ-ადრებიზანტიური ხანის წერილობითი წყაროების მიხედვით = Вопросы истории грузинского права по письменным источникам антично-ранневизантийского периода / (ბიბ.ჩანაწერი № 36276)

000 -ლიდერი
ფიქსირებული სიგრძის საკონტროლო ველი 01647nam a2200253Ia 4500
001 - საკონტროლო ნომერი
საკონტროლო ველი 2183
003 - საკონტროლო ნომრის იდენტიფიკატორი
საკონტროლო ველი GE_BSU
005 - ბოლო ოპერაციის თარიღი და დრო
საკონტროლო ველი 20190508120345.0
008 - ფიქსირებული სიგრძის მონაცემთა ელემენტები - ზოგადი ინფორმაცია
ფიქსირებული სიგრძის საკონტროლო ველი 181216s||||||||xx |||||||||||||| ||und||
020 ## - წიგნის საერთაშორისო სტანდარტული ნომერი
International Standard Book Number 99940134332
040 ## - კატალოგიზაციის წყარო
Transcribing agency GE_BSU
041 ## - ენის კოდი
Language code of text/sound track or separate title geo
080 ## - უნივერსალური ათობითი კლასიფიკაციის ინდექსი
Universal Decimal Classification number 34(479.22)(09) კ–18
100 ## - მთავარი ჩანაწერი - პიროვნების სახელი
Personal name კალანდია, აპოლონ
9 (RLIN) 918
245 ## - ცნობა სათაურის შესახებ
Statement of responsibility, etc აპოლონ კალანდია ; რედ.: გიორგი ნადარეიშვილი; საქ. მეცნ. აკად., სახ. და სამართლის ინ-ტი.
Title ქართული სამართლის ისტორიის საკითხები ანტიკურ-ადრებიზანტიური ხანის წერილობითი წყაროების მიხედვით = Вопросы истории грузинского права по письменным источникам антично-ранневизантийского периода /
264 ## - წარმოების, გამოცემის, დისტრიბუციის და სხვა ცნობები
გამოცემის, წარმოების, დისტრიბუციის... ადგილი თბილისი :
გამოცემის, წარმოების, დისტრიბუციის... სახელწოდება სახ. უნ-ტის გამ-ბა,
გამოცემის, წარმოების, დისტრიბუციის... თარიღი 2002.
300 ## - ფიზიკური აღწერა
Extent 242 გვ.
Other physical details 19 სმ.
653 ## - INDEX TERM--UNCONTROLLED
Uncontrolled term ქართული სამართლის ისტორია
653 ## - INDEX TERM--UNCONTROLLED
Uncontrolled term ანტიკური წყაროები
653 ## - INDEX TERM--UNCONTROLLED
Uncontrolled term ბიზანტიური წყაროები
700 ## - ADDED ENTRY--PERSONAL NAME
Personal name ნადარეიშვილი, გიორგი
Relator term რედაქტორი
9 (RLIN) 919
710 ## - ADDED ENTRY--CORPORATE NAME
Corporate name or jurisdiction name as entry element საქ. მეცნ. აკად., სახ. და სამართლის ინ-ტი.
9 (RLIN) 920
942 ## - ADDED ENTRY ELEMENTS (KOHA)
Koha item type წიგნი
Source of classification or shelving scheme
ეგზემპლარები
ჩამოწერის სტატუსი დაკარგული ეგზემპლარის სტატუსი კლასიფიკაციის წყარო ან თაროზე გაწყობის სქემა დაზიანების სტატუსი არ გაიცემა მუდმივი მდებარეობა (დაცვის ადგილი) ამჟამინდელი ადგილსამყოფელი თაროზე განთავსების ადგილი შეძენის თარიღი ღირებულება, შესყიდვის ნორმალური ფასი სრული შენახვის შიფრი შტრიხკოდი ბოლო ოპერაციის თარიღი ეგზემპლარის მიმდევრობითი ნომერი (კეტერი?) ფასის ძალაში შესვლის თარიღი ეგზემპლარის სახეობა საჯარო შენიშვნა
          ბათუმის შოთა რუსთაველის სახელმწიფო უნივერსიტეტის მთავარი ბიბლიოთეკა ბათუმის შოთა რუსთაველის სახელმწიფო უნივერსიტეტის მთავარი ბიბლიოთეკა წიგნსაცავი 2018-12-17 10.00 34(479.22)(09) კ–18 4180 2018-12-17 4180 2018-12-17 წიგნი 10 ლ.